| 000 | 00506nab a2200145Ia 4500 | ||
|---|---|---|---|
| 003 | ES-SlBCS | ||
| 005 | 20210601123923.0 | ||
| 008 | 140529s2005 xxu||||| |||| 00| 0 eng d | ||
| 041 | _aeng | ||
| 100 | 1 |
_aDrummond, John J. _948712 |
|
| 245 | 0 | 0 |
_aPersonalism and the Metaphysical: Comments on Max Scheler's Acting Persons _c John J. Drummond |
| 600 | 1 | 4 |
_aScheler, Max _d, 1874-1928 _9106297 |
| 773 | 0 |
_tAmerican Catholic Philosophical Quarterly _gvol. 79, nº. 1, 2005, págs. 203-212 _wRev1385 |
|
| 942 | _cAR | ||
| 999 |
_c506227 _d506227 |
||